Использование сульфитного щелока от варок целлюлозы с кислотой на различных основаниях: сборник статей

গ্রন্থ-পঞ্জীর বিবরন
সংস্থা লেখক: Государственный комитет по лесной, целлюлозно-бумажной и деревообрабатывающей промышленности и лесному хозяйству при Госплане СССР
অন্যান্য লেখক: Немилова Ф. П. (редактор)
ভাষা:রুশ
প্রকাশিত: Москва, Московская правда, 1964
মালা:Гидролиз и лесохимия
বিষয়গুলি:
বিন্যাস: গ্রন্থ
KOHA link:https://koha.lib.tpu.ru/cgi-bin/koha/opac-detail.pl?biblionumber=338176

MARC

LEADER 00000nam0a2200000 4500
001 338176
005 20231102005025.0
035 |a (RuTPU)RU\TPU\book\364665 
090 |a 338176 
100 |a 20171121d1964 km y0rusy50 ca 
101 0 |a rus 
102 |a RU 
105 |a a z 000zy 
200 1 |a Использование сульфитного щелока от варок целлюлозы с кислотой на различных основаниях  |e сборник статей  |f Государственный комитет по лесной, целлюлозно-бумажной и деревообрабатывающей промышленности и лесному хозяйству при Госплане СССР ; под ред. Немилова 
210 |a Москва  |c Московская правда  |d 1964 
215 |a 31 с.  |c ил. 
225 1 |a Гидролиз и лесохимия 
606 1 |a Полуцеллюлоза  |x Производство  |2 stltpush  |3 (RuTPU)RU\TPU\subj\50750  |9 69399 
606 1 |a Щелок сульфитный  |x Переработка  |2 stltpush  |3 (RuTPU)RU\TPU\subj\35006  |9 56807 
610 1 |a использование 
610 1 |a кормовые дрожжи 
610 1 |a выращивание 
610 1 |a ванилин 
610 1 |a получение 
675 |a 667.6  |v 4 
702 1 |a Немилова  |b Ф. П.  |4 340 
712 0 2 |a Государственный комитет по лесной, целлюлозно-бумажной и деревообрабатывающей промышленности и лесному хозяйству при Госплане СССР  |2 stltpush  |3 (RuTPU)RU\TPU\col\7781  |9 24382 
801 1 |a RU  |b 63413507  |c 20171121 
801 2 |a RU  |b 63413507  |c 20201106  |g RCR 
942 |c BK